| 000 | 00873nam a2200229 i 4500 | ||
|---|---|---|---|
| 001 | 91254 | ||
| 003 | ES-MaACL | ||
| 005 | 20250807123015.0 | ||
| 007 | t| | ||
| 008 | 050128s1903 fr ||||1| fre d | ||
| 100 | 1 |
_aLetourneau, Charles. _971888 |
|
| 245 | 1 | 3 |
_aLa condition de la femme dans les diverses races et civilizations / _cpar Charles Letourneau ; publiée sous la direction de René Worms ; avec une notice biographique par G. Papillault. |
| 260 |
_aParís : _b[s.n., _c1903] ( _eSaint Amand : _fBussière) |
||
| 300 |
_aXVI, 508 p. ; _c22 cm. |
||
| 490 | 1 | _aBibliothèque sociologique internationale | |
| 500 | _aPrecede al tít.: Bibliotheque. | ||
| 700 | 1 |
_aWorms, René, _d1869-1926 _9117375 |
|
| 700 | 1 |
_aPapillault, G. _988871 |
|
| 830 | 0 |
_aBibliothèque sociologique internationale _9184184 |
|
| 852 |
_aES-MaACL _jF-11837 |
||
| 999 |
_c91254 _d91254 |
||